[Event "Moscow ch-T 2018"]
[Site "Moscow"]
[Date "2018.09.22"]
[Round "2"]
[White "Okun, Evgeny"]
[Black "Tishova, Svetlana"]
[Result "1/2-1/2"]
[WhiteElo "2163"]
[BlackElo "2114"]
[Annotator "TA"]
[PlyCount "190"]
[EventDate "2018.09.20"]
[EventType "team-tourn"]
[EventCountry "RUS"]
[SourceTitle "playchess.com"]
[Source "ChessBase"]
[SourceQuality "1"]

{[%evp 22,190,39,30,60,52,40,46,50,0,-12,-20,81,95,67,40,87,68,56,37,24,0,99,17,118,-27,-26,0,-7,-35,-33,-35,-36,-52,-54,-86,-77,-104,-37,-43,-50,-64,-10,-10,-14,-54,0,0,0,0,8,0,36,21,36,0,0,0,0,0,0,0,0,-25,8,7,72,54,48,20,18,0,0,0,0,0,0,0,0,0,0,0,0,0,0,0,0,0,0,0,0,0,0,0,0,-25,-25,-25,-25,-36,-43,-50,-43,-195,-56,-75,-88,-93,-50,-75,0,-86,-50,-61,0,-43,-43,-59,-48,-43,-43,-57,-52,-78,-43,-225,0,-232,-200,-173,-142,-170,-104,-111,-89,-108,-104,-101,-66,-65,-32,-41,0,-12839,-12839,-12839,-12839,-12834,0,0,0,0,0,0,0,0,0,0,0,0,0,0,0,0,0,0,0,0,0,0,0]} 1. e4 c5 2. Nf3 e6 3. g3 Nc6 4. Bg2 Qc7 5. Nc3 a6 6. d4 cxd4 7. Nxd4 Nf6 8. O-O Be7 9. Nb3 O-O 10. a4 d6 11. a5 Bd7 {B80: Sicilian Scheveningen: 6 g3 and 6 Be3, including English Attack} (11... Ne5 12. Nd2 b5 13. axb6 Qxb6 14. h3 Bb7 15. Kh2 Rac8 16. Ra4 Rfd8 17. f4 Ned7 18. Nb3 d5 19. e5 Ne4 20. Nxe4 dxe4 {1-0 (54) Motylev,A (2663)-Gabrielian,A (2524) Sochi 2016}) 12. Be3 {LiveBook: 12 Games} Rac8 13. Bb6 Qb8 {White is slightly better.} 14. f4 $146 {[%cal Bf2f4,Bf4f5][%mdl 32]} Bd8 15. g4 (15. Qd2 $14) 15... Bxb6+ $11 16. axb6 Ne7 (16... Be8 $1 $11) 17. g5 $36 {[%mdl 2048] White is on the roll.} Ne8 18. Qd4 Bc6 19. f5 {And now fxe6 would win.} e5 20. Qf2 f6 21. h4 $1 Rd8 (21... d5 $1 $11) 22. Qe2 (22. Na5 $16) 22... Rd7 (22... d5 $11) 23. Qc4+ (23. Qe3 $16) 23... Kh8 $1 $11 24. Na5 Qd8 25. Qb4 Bb5 26. Rf2 Qxb6 27. Nxb5 axb5 28. c4 Nc7 $1 29. cxb5 Qxb5 ({Black should try} 29... Ra8 $17 30. Nb3 Rxa1+ 31. Nxa1 Ne8) 30. Qxb5 $15 Nxb5 31. Nb3 Nc6 (31... Rb8 $15) 32. Bf1 $1 $11 {[%cal Rf1b5]} Nbd4 33. Nxd4 Nxd4 ({Better is} 33... exd4 $15 34. Bc4 Re7) 34. Bc4 $1 b5 35. Bd5 Rc8 36. Kg2 Rdc7 37. Ra6 {[%mdl 1024] White has compensation.} Rd8 38. b3 Nc2 39. Be6 Nd4 40. Bd5 Nc2 41. Be6 Nd4 42. Rd2 Rc3 43. Rda2 Rc2+ (43... Rf8 $11 {remains equal.}) 44. Rxc2 $16 Nxc2 {[%mdl 4096] Endgame KRB-KRN} 45. Rb6 Nd4 46. Bd5 g6 $1 47. fxg6 fxg5 48. Rb7 {[%csl Gg6][%cal Rb7h7]} hxg6 49. hxg5 Rc8 50. Rd7 Rc3 51. Rxd6 Nxb3 52. Rxg6 Nd4 53. Rg8+ Kh7 54. g6+ Kh6 55. g7 Rc7 56. Re8 Rxg7+ 57. Kf2 Rg5 58. Rh8+ Kg7 59. Ra8 Kf6 60. Ke3 Rg3+ 61. Kf2 Rf3+ 62. Kg2 $2 (62. Ke1 $15) 62... Rc3 (62... Kg5 $1 $19 63. Ra7 Kf4 64. Rf7+ Ke3) 63. Rf8+ Ke7 64. Rb8 Kd6 65. Rd8+ Ke7 66. Rb8 Rc7 67. Rb6 Rc3 ({Black should play} 67... Rc2+ $15 68. Kf1 Rb2) 68. Kf2 Kd7 69. Rb7+ Kd6 70. Rb8 Rh3 71. Kg2 Rh5 72. Kg3 Rg5+ 73. Kh4 $2 ({White has to play} 73. Kf2 $15) 73... Nf3+ $1 $19 74. Kh3 {[#]} Kc5 $1 75. Rf8 Ne1 76. Kh4 Rg1 (76... Rg7 $19 {aiming for ...Ng2+.} 77. Rc8+ Kd4) 77. Rc8+ $17 Kd4 78. Rb8 Nf3+ 79. Kh5 Rb1 80. Kg4 Nd2 81. Rd8 Nc4 82. Kf5 $2 {[%mdl 8192] [#]} (82. Bxc4+ $11 Kxc4 83. Kf5) 82... Ne3+ $1 $19 83. Ke6 Nxd5 84. exd5 {KR-KR} Rd1 $2 (84... e4 $19 {Strongly threatening ...e3.} 85. Re8 e3) 85. d6 {The position is equal.} Kc3 86. Rc8+ Kb3 87. Kxe5 b4 88. Rb8 Kc3 89. Rc8+ Kb2 90. Rc4 b3 91. Rd4 Rxd4 92. Kxd4 Kc2 {Hoping for ...b2.} 93. d7 b2 94. d8=Q {Qc8+ would kill now.} b1=Q {( -> ...Qd1+)} 95. Qc7+ Kd1 {Precision: White = 49%, Black = 49%.} 1/2-1/2

[Event "Moscow ch-T 2018"]
[Site "Moscow"]
[Date "2018.09.23"]
[Round "3"]
[White "Sychev, Klementy"]
[Black "Savenkov, Konstantin"]
[Result "1-0"]
[WhiteElo "2534"]
[BlackElo "2375"]
[Annotator "TA"]
[PlyCount "81"]
[EventDate "2018.09.20"]
[EventType "team-tourn"]
[EventCountry "RUS"]
[SourceTitle "playchess.com"]
[Source "ChessBase"]
[SourceQuality "1"]

{[%evp 17,81,44,50,42,47,53,38,39,48,42,40,53,128,122,129,99,135,136,157,88,97,92,118,112,120,117,119,121,168,147,194,193,283,284,285,297,285,0,94,-78,27,-206,174,175,184,191,187,186,185,193,193,193,184,183,208,210,356,256,320,230,378,393,482,491,610,798]} 1. e4 e5 2. Nf3 Nc6 3. Bb5 a6 4. Ba4 d6 5. O-O Bd7 6. d4 Nge7 7. d5 Nb8 8. c4 Ng6 9. Nc3 {C72: Ruy Lopez: Deferred Steinitz: 5 0-0} Be7 {LiveBook: 22 Games} 10. Rb1 $146 ({Predecessor:} 10. Bxd7+ Qxd7 11. Be3 O-O 12. Ne1 f5 13. f3 f4 14. Bf2 {½-½ (46) Nasuta,G (2454)-Palchun,G (2336) St Petersburg 2016}) 10... O-O 11. Bc2 {White is slightly better.} a5 12. a3 h6 13. b4 axb4 14. axb4 Bg5 (14... Qc8 $14) 15. Nxg5 $16 hxg5 16. c5 Qf6 17. f3 Nf4 18. g3 (18. Be3 $142) 18... Nh3+ 19. Kg2 Qh6 20. Qe2 Kh7 21. Bd2 Rh8 22. Kh1 Bc8 23. Be3 dxc5 24. bxc5 Nd7 (24... Qh5 {might work better.} 25. Bb3 g4) 25. Nb5 $18 Nf6 26. Nxc7 Ra2 27. Rb6 $2 (27. Ra1 $18 {has better winning chances.} Rxa1 28. Rxa1) 27... Qh5 $1 $16 28. Nb5 $2 (28. Bc1 $1 $16 {[%cal Rc1b2] and life is bright. Hoping for Bb2.} g4 29. f4 (29. Qc4 Ra1 $11)) 28... Kg8 (28... Ng4 $1 $17 29. fxg4 Bxg4) 29. Nc3 $2 (29. Rd6 $11 {and White has nothing to worry.} g4 30. f4 (30. Rd8+ Kh7 $16) 30... exf4 31. gxf4) 29... Ra3 $4 {[%mdl 8192] [#]} (29... Ng4 $1 $19 {[%cal Rg4h2] avoids the disaster.} 30. Nxa2 Nf4 31. Bxf4 (31. gxf4 Nxh2 32. Kg2 gxf4 $19) (31. fxg4 $2 Bxg4 32. Bxf4 Bxe2 $19) 31... Nxh2) 30. Rb3 $1 $36 {[%cal Rb3a3][%mdl 2048] Black is under strong pressure.} Rxb3 31. Bxb3 g4 {[#]} 32. d6 $1 {Nd5 is the strong threat.} gxf3 33. Qxf3 Bg4 34. Qg2 {Black must now prevent Nd5.} Ng5 35. Bxg5 $1 Qxg5 36. Qf2 (36. Qa2 Qe3 $11) 36... Qg6 (36... Bh3 {keeps fighting.}) 37. Kg1 Bh3 38. Re1 Bd7 (38... Nd7 $142 39. Bd5 Qh5) 39. Nd5 Nxd5 40. Bxd5 Bc6 41. Rf1 {Precision: White = 50%, Black = 35%.} 1-0

[Event "Moscow ch-T 2018"]
[Site "Moscow"]
[Date "2018.09.23"]
[Round "3"]
[White "Kozionov, Kirill"]
[Black "Okun, Evgeny"]
[Result "1-0"]
[WhiteElo "2458"]
[BlackElo "2163"]
[Annotator "TA"]
[PlyCount "107"]
[EventDate "2018.09.20"]
[EventType "team-tourn"]
[EventCountry "RUS"]
[SourceTitle "playchess.com"]
[Source "ChessBase"]
[SourceQuality "1"]

{[%evp 23,106,0,0,7,11,0,0,0,0,2,0,-25,-9,-30,10,-73,-74,-72,-15,-37,-39,-46,-45,-52,-39,-37,-54,-62,-86,-72,-78,-75,-59,-154,-61,-70,-71,-92,-23,-133,-113,-100,-99,-87,-46,-81,-23,-41,-10,-21,8,13,139,139,202,214,353,340,570,564,556,551,591,584,557,521,922,911,795,666,898,889,965,959,904,895,29983,875,837,837,768,739,710,702,29999]} 1. d4 d6 2. Nf3 f5 3. c4 Nf6 4. g3 g6 5. Bg2 Bg7 6. O-O O-O 7. Nc3 Qe8 8. Nd5 Nxd5 {A87: Dutch Defence: Leningrad System: 5 Nf3} 9. cxd5 Nd7 10. Ng5 Nb6 11. a4 (11. Qc2 h6 12. Ne6 Bxe6 13. dxe6 c6 14. e4 d5 15. exf5 gxf5 16. Re1 {½-½ (37) Ashwin,J (2468)-Le,Q (2723) Saint Louis 2016}) 11... c6 12. dxc6 bxc6 {LiveBook: 18 Games} 13. Qb3+ e6 $146 ({Predecessor:} 13... d5 14. Nf3 Nc4 15. Bf4 Ba6 16. Qc2 {1-0 (63) Houska,J (2393)-Atako,C (2141) Brentwood 2008}) 14. Bf4 h6 15. Nf3 Qd7 $1 16. Rfc1 Nd5 17. Qc4 Bb7 18. a5 Nxf4 19. gxf4 {[#]} (19. a6 $1 $11 d5 20. Qc2 Nxe2+ 21. Qxe2) 19... c5 $1 $17 {[%mdl 512]} 20. dxc5 Bd5 (20... Bxb2 $17 21. Nd4 d5) 21. Qa4 Qxa4 22. Rxa4 Bxb2 23. Rb1 Rab8 $1 {Hoping for ...Bb3.} 24. cxd6 Bb3 25. Rd4 Bxd4 26. Nxd4 {aiming for Nc6.} Ba4 $1 $36 {[%mdl 2048] Black is in control.} 27. Ra1 Bd7 28. Nf3 ({White should try} 28. h4 $15) 28... Rb2 (28... Rfd8 $17 29. Ne5 Bb5) 29. Ne5 $15 Rd8 $1 30. e3 Bb5 (30... Rd2 $17 31. Nxg6 Rxd6) 31. d7 (31. Rd1 $11 {was the only way to keep the balance.}) 31... Rd2 32. Rb1 Bxd7 33. Rb7 Rd1+ 34. Bf1 a6 (34... Ba4 $17 {...g5 is the strong threat.} 35. Kg2 Bc2) 35. Kg2 $1 $11 Rd5 {Threatens to win with ...Rxe5!} (35... Rd6 $5 {[%cal Rd7c6]} 36. Kg3 g5 $15) 36. Kg3 Bc8 37. Rc7 Re8 (37... Rxa5 $11 {keeps the balance.} 38. Bc4 (38. Nc6 Rc5 $11) 38... Rxe5 $1 {[%mdl 512]} 39. fxe5 Bd7) 38. Bc4 $16 (38. Nxg6 Rd7 $15) 38... Rxa5 (38... Rd6 $16 39. h4 (39. Nxg6 Bd7 $14) 39... Red8) 39. Nxg6 $18 ({Not} 39. Rxc8 Rxc8 40. Bxe6+ Kg7 $11) 39... Ra1 (39... Ra4 $142 40. Ne5 Ra1 41. Rxc8 Rxc8 42. Bxe6+ Kg7) 40. Ne7+ Kh7 $2 (40... Kf8 {was worth a try.}) 41. Nxf5+ Kh8 {[#]} 42. Nd6 $1 {[%cal Rd6e8]} Rf8 43. Nxc8 Rg1+ 44. Kf3 e5 45. Nd6 exf4 46. Nf7+ Kg7 47. exf4 a5 48. Ng5+ Kg6 49. Bf7+ Kf5 50. Nh7 (50. Rc6 $142 Rxf7 51. Nxf7 Rg6 52. Nxh6+ Rxh6 53. Rxh6 a4 54. Ra6 a3 55. h4) 50... Rxf7 51. Rxf7+ Kg6 52. Ra7 Ra1 53. Nf8+ Kf5 54. Rf7# {Precision: White = 54%, Black = 33%.} 1-0

[Event "Moscow ch-T 2018"]
[Site "Moscow"]
[Date "2018.09.23"]
[Round "3"]
[White "Elistratov, Semen"]
[Black "Demidov, Mikhail"]
[Result "0-1"]
[WhiteElo "2400"]
[BlackElo "2514"]
[Annotator "TA"]
[PlyCount "131"]
[EventDate "2018.09.20"]
[EventType "team-tourn"]
[EventCountry "RUS"]
[SourceTitle "playchess.com"]
[Source "ChessBase"]
[SourceQuality "1"]

{[%evp 10,131,42,43,47,33,29,24,22,21,12,16,14,15,25,14,23,-2,29,13,10,10,35,40,39,14,39,21,33,38,41,45,50,44,53,42,62,41,77,46,35,36,51,25,28,10,11,6,7,7,10,8,29,27,36,10,0,0,0,-7,0,-20,-18,-28,-33,-37,0,0,0,0,0,0,0,0,0,0,0,-16,-9,-44,0,-8,-8,-60,0,0,0,0,0,0,0,0,0,-8,-8,-8,-8,-53,-8,-211,-211,-407,-95,-1339,-1277,-1339,-1339,-1339,-771,-1339,-1339,-2062,-2126,-29981,-12359,-29983,-29984,-29984,-29985,-29985,-29986,-29986,-29987,-29987]} 1. Nf3 d6 2. e4 g6 3. d4 Bg7 4. Nc3 Nf6 5. Bg5 h6 6. Be3 {LiveBook: 11 Games} Ng4 {B08: Pirc Defence: Classical System} (6... a6 7. h3 b5 8. e5 Nfd7 9. e6 fxe6 10. Nh4 Nf8 11. Nxg6 Nxg6 12. Qh5 O-O 13. Qxg6 Rf6 14. Qg3 {1-0 (55) Li,R (2486)-Indjic,A (2542) Dallas 2016}) 7. Bf4 Nc6 8. h3 (8. Bg3 {keeps more tension.} e5 9. dxe5 Ngxe5 10. Nxe5 dxe5 11. Qxd8+ Nxd8 12. O-O-O) 8... e5 {White has an edge.} 9. dxe5 Ngxe5 10. Nxe5 dxe5 11. Qxd8+ Nxd8 12. Be3 c6 $146 ({Predecessor:} 12... Ne6 13. Bc4 c6 14. O-O-O {1-0 (37) Nagy,E-Adorjan,A Budapest 1972}) 13. O-O-O Be6 14. f3 h5 15. Kb1 h4 16. Na4 b6 17. b4 Bd7 18. c3 Bh6 19. Bf2 Bf8 20. Nb2 f6 21. Bc4 Rh7 22. Rd2 Nb7 23. Rhd1 {aiming for Bxh4.} O-O-O 24. Bg8 Rg7 25. Bb3 g5 26. Nc4 Be8 27. Rxd8+ Nxd8 28. Ne3 Rd7 29. Rg1 Rh7 30. Kc2 Bd7 31. a4 Ne6 32. Ra1 Nf4 33. a5 b5 34. Be1 a6 35. c4 c5 36. Nd5 Nxd5 37. exd5 cxb4 38. Bf2 bxc4 39. Bxc4 Kb7 40. Kb3 Bf5 41. Be1 Ka7 42. Rd1 Bd6 43. Bf2+ Kb7 44. Be1 e4 {...exf3 is the strong threat.} (44... Rc7 $5 {[%cal Rf5c2]}) 45. fxe4 Bxe4 46. Rd2 (46. Bxb4 $11 Bxb4 47. Kxb4 Bxg2 48. Bf1 Bxf1 49. Rxf1) 46... g4 (46... f5 $15) 47. Re2 $11 gxh3 48. gxh3 Bf5 49. Bxb4 Bxb4 50. Kxb4 {Black must now prevent Re3.} Bxh3 {[%mdl 4096] Endgame Strongly threatening ...Bf1. KRB-KRB} 51. d6 Kc6 52. Bxa6 {Hoping for Rd2.} Kxd6 {next ...Bg4 is good for Black.} 53. Rd2+ Ke5 {With the idea ...Bg4.} 54. Kc5 $2 {[#]} (54. Re2+ $11 {and White stays safe.} Kd6 55. Rd2+ Kc7 56. Rf2) 54... Bg4 $1 $19 55. Kb6 $2 (55. Bb5) 55... Bf3 $2 (55... h3 $19 {and Black stays clearly on top.} 56. Rh2 Kf4) 56. Bc8 $2 {[%mdl 8192]} (56. Bf1 $17) 56... h3 57. Rh2 f5 58. a6 Rh6+ 59. Kc7 Kf4 60. Bb7 Kg3 61. Bxf3 Rxa6 (61... Kxh2 $142 62. Bb7 {[#]} Rxa6 $1 {[%mdl 512]} 63. Bxa6 f4 64. Bc8 Kg3 65. Bf5 f3 66. Kb7 h2 67. Bd3 f2 68. Kb6 h1=Q 69. Kc5 Qc1+ 70. Kd5 Qd2 71. Kc4 Kg2 72. Be4+ Kg1 73. Bd3 Kg2 74. Be4+ Kh2 75. Bd3 Kg2) 62. Bb7 Kxh2 {Black mates.} 63. Bxa6 f4 {[%cal Bf5f4,Bf4f3][%mdl 32]} 64. Kd6 f3 65. Ke5 Kg3 66. Kd4 {Precision: White = 31%, Black = 61%.} 0-1

[Event "Moscow ch-T 2018"]
[Site "Moscow"]
[Date "2018.09.23"]
[Round "3"]
[White "Gorbatov, Alexej"]
[Black "Makarenko, Aleksandr"]
[Result "1-0"]
[WhiteElo "2389"]
[BlackElo "2219"]
[Annotator "TA"]
[PlyCount "140"]
[EventDate "2018.09.20"]
[EventType "team-tourn"]
[EventCountry "RUS"]
[SourceTitle "playchess.com"]
[Source "ChessBase"]
[SourceQuality "1"]

{[%evp 23,140,0,0,-8,0,0,22,21,16,0,28,33,43,17,54,54,51,40,56,31,33,29,51,0,48,-48,48,-95,-16,-32,41,28,105,-82,0,-119,128,116,124,111,87,-15,0,-2,0,-3,7,0,0,0,37,-11,0,-13,0,-53,-29,-93,-14,-44,0,0,0,0,0,0,0,-59,-52,-58,-54,-936,-936,-885,-443,-474,-482,-450,-453,-684,-684,-682,-656,-589,-589,-848,-848,-840,-840,-840,-840,-833,-818,-818,-818,-825,-818,-811,-804,-794,-795,-795,-777,-747,-699,-562,-562,-1282,-1230,-1791,-1526,-29973,-1780,-12743,-4133,-29983,-29983,-29983,-29984]} 1. e4 c5 2. Nf3 d6 3. d4 cxd4 4. Nxd4 Nf6 5. Nc3 a6 6. a4 Nc6 7. Be2 e6 8. Be3 Be7 9. O-O O-O 10. Nb3 b6 11. f4 Bb7 12. Bf3 Qc7 13. Rf2 {B85: Sicilian Scheveningen: 6 Be2 a6, lines with early Be3} (13. Qe2 Nd7 14. Rad1 Rfd8 15. Qf2 Bf6 16. Rd2 Nc5 17. Rfd1 Bxc3 18. bxc3 Nxa4 19. c4 Nc5 20. Qg3 Ne7 21. Bd4 g6 22. Qg5 e5 23. fxe5 Ne6 24. exd6 Rxd6 25. Qe5 Nxd4 26. Rxd4 Rd7 {½-½ (26) Alekseev,E (2682)-Yakovich,Y (2523) St Petersburg 2014}) 13... Nb4 14. Rd2 d5 $146 {[%cal Rd5e4]} ({Predecessor:} 14... Rac8 15. Qe2 d5 16. e5 Nd7 {0-1 (60) Aitken,J-Ekstrom,F Hastings 1945}) 15. e5 $1 {[%cal Re5f6] The position is equal.} Nd7 $1 16. a5 b5 17. Ne2 Nc5 18. Ned4 Na4 19. c3 Nc6 20. Nxc6 Bxc6 21. Qe2 Rfc8 22. Nd4 Bd7 23. Bf2 (23. Rc2 $14) 23... g6 24. Qe1 (24. Rc2 $14) 24... Rab8 (24... b4 $15) 25. Bh4 (25. Rc2 $14) 25... Bf8 (25... Bxh4 $17 26. Qxh4 b4 27. cxb4 Rxb4) 26. f5 Re8 (26... b4 $1 $15) 27. Bf6 b4 (27... exf5 $11 {keeps the balance.} 28. Bxd5 Nc5) 28. Rc2 $2 (28. Nxe6 $1 $16 fxe6 29. fxg6) 28... bxc3 ({Black should try} 28... exf5 $17 29. Qh4 bxc3 30. bxc3 (30. Bxd5 $2 Rxe5 31. Bxe5 Qxe5 $19) 30... Qc5) 29. bxc3 (29. fxg6 $11 fxg6 30. bxc3) 29... Qxa5 $2 (29... exf5 $17 {stays on course.} 30. Bxd5 Qc5) 30. fxg6 $16 fxg6 {[#]} 31. h4 $1 Qb6 {Threatens to win with ...Nxc3!} 32. Kh2 (32. Rca2 $16) 32... Bg7 $11 33. Bxg7 Kxg7 34. h5 Rbc8 35. Qe3 Qd8 36. Rh1 g5 37. Kg1 {[%mdl 1024] White has compensation.} Kh8 38. h6 Qe7 39. Bg4 (39. Rh3 $1 $11) 39... Rf8 {Strongly threatening ...Rf4.} 40. g3 {[#]} (40. Be2 $1 $11) 40... Nb6 ({Better is} 40... a5 $1 $17 {With the idea ...Nb6.} 41. Kg2 Nb6) 41. Be2 Be8 {[%cal Bd7e8,Be8g6,Bg6c2,Bc2e4,Be4d5][%mdl 32]} 42. Bxa6 Bg6 43. Bxc8 Nc4 $36 {[%mdl 2048] Black fights for an advantage.} 44. Qe1 {Ba6 is the strong threat.} Bxc2 45. Bxe6 ({White should play} 45. Nxc2 $11 Rxc8 46. Nd4) 45... Be4 $15 46. Rh2 Nxe5 {White must now prevent ...Nd3.} 47. Rb2 $2 {[%mdl 8192]} (47. Rf2 $15 Nd3 48. Rxf8+ Qxf8 49. Qf1 Qxh6 50. Bh3) 47... Nd3 $19 48. Qe2 Nxb2 49. Bxd5 {[#]} Rf1+ $1 {[%mdl 512]} 50. Qxf1 {aiming for Bxe4.} Bxd5 51. Qf2 (51. Kh2 $142 Nc4 52. Qb1) 51... Nd3 52. Nf5 Qe4 {[%csl Gd5][%cal Re4h1]} 53. Qd4+ Qxd4+ 54. cxd4 Nb4 55. Ne7 Be4 56. Kf2 Nd5 57. Nc8 Kg8 58. Nd6 Bd3 59. Ke1 Kf8 60. Kd2 Bg6 61. Nc4 Ke7 62. Ne5 Be4 63. Ke2 Kf6 64. Kf2 Kf5 65. Ke2 Nf6 66. Ke3 Bd5 67. Ke2 Ne4 (67... Ke4 $142 68. Nf3 g4 69. Nh4 Kxd4 70. Nf5+ Ke5 71. Ne3 Be6 72. Kd3 Ne4 73. Nf1 Bd7 74. Kc2 Bb5 75. Ne3 Be2 76. Ng2 Nxg3 77. Kd2 Ba6 78. Nh4 Nf1+ 79. Ke1 g3 80. Kd1 Ne3+ 81. Kd2 Kf4 82. Ng6+ Kf3 83. Ne5+ Ke4 84. Nf7 Kf4 85. Nd8 g2 86. Ne6+ Kg4 87. Nc7 Nf1+ 88. Kc3 Be2 89. Nb5 g1=Q 90. Na3 Qc5+ 91. Kb3 Nd2+ 92. Kb2 Bd1 93. Nc4 Qxc4 94. Ka1 Qc1+ 95. Ka2 Bb3#) 68. Kf3 {[#]} g4+ $1 69. Kg2 (69. Nxg4 Nd6+) 69... Nf6+ 70. Kf2 Ke4 {[%mdl 32768] Precision: White = 22%, Black = 42%. . Sensor Board Error (Ke4/e5)?} 1-0

[Event "Moscow ch-T 2018"]
[Site "Moscow"]
[Date "2018.09.23"]
[Round "3"]
[White "Saulin, Dmitri"]
[Black "Tsvetkov, Andrey"]
[Result "0-1"]
[WhiteElo "2369"]
[BlackElo "2264"]
[Annotator "TA"]
[PlyCount "76"]
[EventDate "2018.09.20"]
[EventType "team-tourn"]
[EventCountry "RUS"]
[SourceTitle "playchess.com"]
[Source "ChessBase"]
[SourceQuality "1"]

{[%evp 19,76,-5,0,7,6,0,0,30,28,-19,-8,-25,-14,-61,-39,-62,-68,-63,-68,-83,-20,-25,-18,-18,-18,-16,-16,-25,0,-3,0,0,15,-41,-43,-65,-86,-119,-68,-131,-90,-305,-266,-504,-494,-646,-635,-2227,-2098,-2183,-2166,-2078,-5031,-29982,-29983,-29985,-29986,-29972,-29972]} 1. d4 d5 2. c4 e6 3. Nf3 Nf6 4. g3 dxc4 5. Bg2 Bb4+ 6. Bd2 c5 {E04: Open Catalan: 5 Nf3} (6... a5 7. O-O O-O 8. Bg5 h6 9. Bxf6 Qxf6 10. a3 Bd6 11. Nc3 Nc6 12. Rc1 e5 13. d5 Nd4 14. Nxd4 exd4 15. Ne4 {0-1 (66) Ding,L (2777)-Wang,H (2709) Huaian 2017}) 7. O-O O-O 8. dxc5 Bxc5 9. Qc2 Nbd7 10. Qxc4 {[#]} b5 $1 {[%mdl 512] LiveBook: 22 Games} 11. Qd3 (11. Qxb5 Rb8) 11... Rb8 $146 ({Predecessor:} 11... b4 12. a3 Qa5 13. Qb3 Rb8 14. Qa2 {½-½ (26) Ghaem Maghami,E (2594)-Javanbakht,N (2422) Teheran 2016}) 12. b4 Be7 13. a3 Bb7 14. Nc3 a6 15. Rfd1 Nb6 16. Qb1 Rc8 17. a4 Nxa4 18. Nxa4 bxa4 19. Bg5 Qe8 (19... Qc7 $17 {Strongly threatening ...Bc6.} 20. Rxa4 Rfd8) 20. Bxf6 $1 $11 Bxf6 {[#]} 21. Ng5 $1 {[%mdl 512]} Bxg5 22. Bxb7 Rc3 23. Bxa6 Rb3 24. Qe4 Bf6 25. Ra2 a3 26. Bd3 ({White should play} 26. b5 $1 $11) 26... g6 $36 {[%mdl 2048] White is under pressure.} 27. b5 Qa8 28. Qf4 Kg7 (28... Bb2 $17 29. Qc4 Qd5 30. Qxd5 exd5) 29. h4 ({White should try} 29. Rc1 $15) 29... h5 30. g4 $2 (30. Rc1 $17) 30... hxg4 31. Qxg4 $2 (31. Qe4 {might work better.}) 31... Rh8 $19 32. Be4 Qa7 33. Bxg6 Rxh4 (33... fxg6 34. Rad2 $17) 34. Qg2 fxg6 35. Rad2 Qa4 36. Rd7+ Kh6 {Black mates.} 37. Qb7 Qg4+ 38. Kf1 Qh3+ {Precision: White = 16%, Black = 55%.} 0-1

[Event "Moscow ch-T 2018"]
[Site "Moscow"]
[Date "2018.09.23"]
[Round "3"]
[White "Smirnov, Timofey"]
[Black "Afanasiev, Nikita"]
[Result "1-0"]
[WhiteElo "2332"]
[BlackElo "2487"]
[Annotator "TA"]
[PlyCount "90"]
[EventDate "2018.09.20"]
[EventType "team-tourn"]
[EventCountry "RUS"]
[SourceTitle "playchess.com"]
[Source "ChessBase"]
[SourceQuality "1"]

{[%evp 9,90,0,0,0,23,1,-3,-7,0,-10,-8,-15,18,23,27,35,82,32,47,40,25,27,25,25,29,36,62,41,150,143,122,132,268,281,269,275,253,204,211,50,49,0,0,-6,-2,-4,-8,-59,48,47,105,109,95,105,93,59,62,58,40,35,42,0,0,0,0,0,0,0,7,8,8,8,8,8,8,8,32,0,0,0,25,0,1222]} 1. e4 g6 2. d4 Bg7 3. f4 c6 4. Nf3 d5 (4... d6 5. Bd3 Bg4 6. c3 e5 7. dxe5 dxe5 8. h3 Bxf3 9. Qxf3 exf4 10. Bxf4 Nd7 11. O-O Qe7 12. Nd2 Ne5 13. Bxe5 Bxe5 {1-0 (24) Shirov,A (2656)-Shvyrjov,I (2389) Viljandi 2017}) 5. Nbd2 {[%cal Bb1d2,Bd2e4,Be4g5,Bg5f3][%mdl 32]} dxe4 6. Nxe4 {B06: Modern Defence} Nd7 7. Bc4 {Hoping for Nfg5.} Ngf6 8. Neg5 O-O 9. Ne5 {[%cal Rg5f7]} Nd5 10. O-O N7f6 11. Bb3 $146 ({Predecessor:} 11. a4 h6 12. Ngf3 Bg4 {0-1 (43) Ruus,R (1783)-Narva,J (2145) Viljandi 2016}) 11... h6 12. Ngf3 $1 c5 13. dxc5 Qc7 14. Qd4 Rd8 $1 15. Re1 Bg4 16. Qf2 Bxf3 17. Qxf3 Qxc5+ 18. Kh1 (18. Be3 $5 {[%cal Re3c5]} Qc7 19. Rad1 $14) 18... Qc7 {[#]} (18... e6 $14) 19. f5 $1 $16 {[%cal Rf5g6]} gxf5 20. Qxf5 Rd6 (20... a5 $16) 21. c4 $18 e6 22. Qh3 Ne7 23. Bxh6 Nf5 {[#]} 24. Bf4 $2 (24. Bxg7 $1 $18 Kxg7 25. Bc2) 24... Rd4 $14 25. Qf3 Nh5 26. Qxh5 Rxf4 27. Qg5 $132 {[%mdl 2048] White is fighting back} Rh4 {Threatening ...f6.} 28. Nf3 (28. c5 $1 $11) 28... Rh6 (28... Ng3+ $1 $15 29. Kg1 Rg4) 29. Rad1 $1 Qc5 (29... Ng3+ $14 30. Kg1 Nf5) 30. Bc2 $16 Qxc4 31. Bxf5 exf5 32. Qxf5 Qxa2 33. Rd7 b6 34. Rde7 {Re8+ is the strong threat.} Rf8 35. Re8 Qxb2 36. Rxf8+ Bxf8 37. Ne5 Qb3 38. Rf1 {[%cal Re5f7]} Rh7 39. Ng4 {Threatening mate with Nf6+.} Be7 40. Qc8+ Kg7 41. Ne5 {Strongly threatening Qg4+.} Bf6 $1 {[%cal Rf6e5]} 42. Qg4+ Kh8 43. Qc8+ {[%mdl 1024] White has compensation.} Kg7 44. Qg4+ Kh8 45. Nd7 Bb2 $2 {[%mdl 8192] Precision: White = 55%, Black = 49%.} (45... Qb5 $11 46. Re1 Bg5) 1-0